[Event "Tournament (open)"]
[Site "masterchessopen.com Groningen (Netherlands)"]
[Date "2011.03.23"]
[Round "4"]
[White "Janssen Eddie (NED)"]
[Black "Van Pelt Erwin"]
[Result "1-0"]
[WhiteElo "1752"]
[BlackElo "1981"]

1.e4 e5 2.Nf3 Nc6 3.Bb5 a6 4.Ba4 Nf6 5.O-O b5 6.Bb3 Be7 7.Re1 d6 8.c3 O-O 9.h3
Na5 10.Bc2 d5 11.b4 Nc6 12.exd5 Qxd5 13.Qe2 Bb7 14.Bb3 Qd7 15.d3 h6 16.Nbd2
Rad8 17.Bc2 Nd5 18.d4 f5 19.Nxe5 Nxe5 20.Qxe5 Bd6 21.Qe6+ Qxe6 22.Rxe6 Nxc3
23.a3 Nd5 24.Nf3 Nf4 25.Rxd6 Rxd6 26.Bxf4 Rg6 27.Bb3+ Kh7 28.d5 Rb6 29.Bxc7
{#r} 1-0

[Event "Ch Mongolia (w)"]
[Site "masterchessopen.com Ulan Bator (Mongolia)"]
[Date "2011.04.01"]
[Round "10"]
[White "Lkhamsuren Uuganbayar (MGL)"]
[Black "Batchimeg Tuvshintogs (MGL)"]
[Result "1-0"]
[WhiteElo "2167"]
[BlackElo "2194"]

1.e4 e5 2.Nf3 Nc6 3.Bb5 a6 4.Ba4 Nf6 5.O-O Be7 6.Re1 b5 7.Bb3 d6 8.c3 O-O 9.h3
Na5 10.Bc2 c5 11.d4 Nd7 12.a4 c4 13.Be3 Qc7 14.Nbd2 Rd8 15.Qe2 Bb7 16.d5 Nc5
17.Ra3 Ra7 18.axb5 axb5 19.b4 cxb3 20.Nxb3 Qb6 21.Nxc5 dxc5 22.Rb1 Ba6 23.Bd3
Bd6 24.Qa2 b4 25.cxb4 Bxd3 26.Rxd3 Qb5 27.Ra3 Rb8 28.Nd2 cxb4 29.Bxa7 {#r} 1-0

[Event "Ch Slovakia (juniors) (under 18)"]
[Site "masterchessopen.com Kupele Sliac (Slovakia)"]
[Date "2011.04.02"]
[Round "4"]
[White "Najgebawer Martin"]
[Black "Voros Gellert (SVK)"]
[Result "1-0"]
[WhiteElo "2064"]
[BlackElo "1992"]

1.e4 e5 2.Nf3 Nc6 3.Bb5 a6 4.Ba4 Nf6 5.O-O Be7 6.Re1 b5 7.Bb3 O-O 8.h3 d6 9.c3
Na5 10.Bc2 c5 11.d3 h6 12.d4 Qc7 13.Nbd2 Nc6 14.d5 Nb8 15.a4 Bb7 16.Nf1 Nbd7
17.Ng3 Rfe8 18.Nf5 Bf8 19.Nh2 Kh7 20.Qf3 g6 21.Ne3 Bg7 22.Neg4 b4 23.Bxh6 Nxg4
24.Nxg4 Bxh6 25.Qxf7+ Bg7 26.Nf6+ {#r} 1-0

[Event "Ch France (juniors) (under 16) (g)"]
[Site "masterchessopen.com Montlucon (France)"]
[Date "2011.04.20"]
[Round "5"]
[White "Rigolot Lucie (FRA)"]
[Black "Monpeurt Cyrielle (FRA)"]
[Result "0-1"]
[WhiteElo "1981"]
[BlackElo "2011"]

1.e4 e5 2.Nf3 Nc6 3.Bb5 a6 4.Ba4 Nf6 5.O-O Be7 6.Re1 b5 7.Bb3 O-O 8.c3 d6 9.h3
Na5 10.Bc2 d5 11.exd5 e4 12.Ng5 Nxd5 13.Nxe4 f5 14.Ng3 f4 15.Nf1 f3 16.g3 Bxh3
17.Be4 c6 18.d4 Bg2 19.Nh2 Bd6 20.Nxf3 Bxf3 21.Bxf3 Qf6 22.Kg2 Rf7 23.Nd2 Raf8
24.Rf1 Qg6 25.Bxd5 cxd5 26.Qe2 h5 27.Nb3 Rf3 28.Be3 Bxg3 29.Qxf3 Rxf3 30.Kxf3
Qg4+ 31.Kg2 Bf4+ 32.Kh1 Qh3+ {#R} 0-1

[Event "Ch Berlin (qual)"]
[Site "masterchessopen.com Berlin (Germany)"]
[Date "2011.04.25"]
[Round "3"]
[White "Binder Thomas (GER)"]
[Black "Kropman Alexei (GER)"]
[Result "0-1"]
[WhiteElo "1877"]
[BlackElo "2072"]

1.e4 e5 2.Nf3 Nc6 3.Bb5 a6 4.Ba4 Nf6 5.O-O Be7 6.Re1 b5 7.Bb3 O-O 8.c3 d6 9.h3
Na5 10.Bc2 c5 11.d4 Nd7 12.Nbd2 exd4 13.cxd4 Nc6 14.Nf1 cxd4 15.Nxd4 Nxd4
16.Qxd4 Ne5 17.Qd1 Be6 18.Be3 Rc8 19.f4 Nc4 20.Bd4 Bh4 21.Re2 Bf6 22.e5 dxe5
23.fxe5 Be7 24.Kh2 Qc7 25.Qd3 g6 26.Qg3 Rfd8 27.Bc3 b4 28.Be1 Nxe5 29.Bb3 Bxb3
30.axb3 Rd3 31.Re3 Rxe3 32.Nxe3 Bh4 {#R} 0-1

[Event "It (open) \"]
[Site "masterchessopen.com Ostrava (Czech Republic)"]
[Date "2011.05.04"]
[Round "5"]
[White "Kubik Michael (CZE)"]
[Black "Cyron Karel (CZE)"]
[Result "1-0"]
[WhiteElo "1980"]
[BlackElo "1838"]

1.e4 e5 2.Nf3 Nc6 3.Bb5 a6 4.Ba4 Nf6 5.O-O Be7 6.Re1 b5 7.Bb3 d6 8.c3 O-O 9.h3
Na5 10.Bc2 c5 11.d4 cxd4 12.cxd4 Qc7 13.d5 Bd7 14.Nbd2 Rfc8 15.Bb1 Nc4 16.b3
Nb6 17.Nf1 Qc3 18.Qe2 b4 19.Bb2 Bb5 20.Bxc3 Bxe2 21.Bxb4 Bb5 22.a4 Be8 23.Ne3
g6 24.Nxe5 a5 25.Ba3 Rc7 26.N5c4 Nc8 27.e5 {#r} 1-0

[Event "It (open) \"]
[Site "masterchessopen.com Ostrava (Czech Republic)"]
[Date "2011.05.07"]
[Round "8"]
[White "Vachtfeidl Petr (CZE)"]
[Black "Miturova Magdalena (CZE)"]
[Result "0-1"]
[WhiteElo "1969"]
[BlackElo "2042"]

1.e4 e5 2.Nf3 Nc6 3.Bb5 a6 4.Ba4 Nf6 5.O-O Be7 6.Re1 b5 7.Bb3 O-O 8.h3 d6 9.c3
Na5 10.Bc2 d5 11.exd5 e4 12.Ng5 Nxd5 13.Nxe4 f5 14.Ng3 f4 15.Nf1 f3 16.Be4
fxg2 17.Bxg2 Bh4 18.Ng3 Nf4 19.d4 Nxg2 20.Kxg2 Bb7+ 21.d5 Bxd5+ 22.Kg1 c6
23.Be3 Nc4 24.b3 Nxe3 25.Rxe3 Qf6 26.Qe1 Bg5 27.Ne4 Bxe4 28.Rxe4 Bh4 29.Re2
Rae8 30.Nd2 Qg6+ 31.Kf1 Qd3 32.Rc1 Rxe2 {#R} 0-1

[Event "Tournament (active) (w) \"]
[Site "masterchessopen.com Chalons en Champagne (France)"]
[Date "2011.05.22"]
[Round "9"]
[White "Lam Sophie (FRA)"]
[Black "Monpeurt Cyrielle (FRA)"]
[Result "1-0"]
[WhiteElo "2085"]
[BlackElo "2011"]

1.e4 e5 2.Nf3 Nc6 3.Bb5 a6 4.Ba4 Nf6 5.O-O Be7 6.Re1 b5 7.Bb3 O-O 8.c3 d6 9.h3
Na5 10.Bc2 d5 11.d4 dxe4 12.Nxe5 Bb7 13.Nd2 Bd6 14.b4 Nc6 15.Nxc6 Bxc6 16.Nxe4
Re8 17.Bg5 h6 18.Nxf6+ gxf6 19.Bxh6 Kh8 20.Qh5 Qd7 21.Bg5+ {#r} 1-0

[Event "Ch Colombia (1/2 final) (w)"]
[Site "masterchessopen.com Santa Rosa de Cabal (Colombia)"]
[Date "2011.06.23"]
[Round "1"]
[White "Franco Angela (COL)"]
[Black "Aragon Aviles Sandra (COL)"]
[Result "1-0"]
[WhiteElo "2159"]
[BlackElo "1751"]

1.e4 e5 2.Nf3 Nc6 3.Bb5 a6 4.Ba4 Nf6 5.O-O Be7 6.Re1 b5 7.Bb3 O-O 8.h3 d6 9.c3
Na5 10.Bc2 c5 11.d4 exd4 12.cxd4 Nc6 13.a3 Bb7 14.Nc3 Re8 15.e5 Nd7 16.e6 fxe6
17.Rxe6 Nf6 18.Bg5 Bc8 19.Re1 h6 20.Bxf6 Bxf6 21.Qd3 Ne7 22.Qh7+ Kf7 23.Nd5
{#r} 1-0

[Event "Ch Colombia (1/2 final)"]
[Site "masterchessopen.com Santa Rosa de Cabal (Colombia)"]
[Date "2011.06.27"]
[Round "11"]
[White "Mendoza Rafael (COL)"]
[Black "Fonseca Carlos Arturo (COL)"]
[Result "1-0"]
[WhiteElo "2326"]
[BlackElo "2059"]

1.e4 e5 2.Nf3 Nc6 3.Bb5 a6 4.Ba4 Nf6 5.O-O Be7 6.Re1 b5 7.Bb3 d6 8.c3 O-O 9.h3
Na5 10.Bc2 c5 11.d4 cxd4 12.cxd4 Qc7 13.Nc3 Bb7 14.d5 Rac8 15.Bd3 h6 16.Ne2
Bxd5 17.exd5 e4 18.Bxe4 Nxe4 19.Ned4 Nf6 20.Nf5 Rfe8 21.Qd4 Qd7 22.Nxe7+ Rxe7
23.Bxh6 Rc4 24.Qd2 gxh6 25.Qxa5 Nxd5 26.b3 Rce4 27.Rxe4 Rxe4 28.Qxa6 Nc3
29.Qa5 Qc6 30.Qd8+ Kg7 31.Nh4 Qd5 32.Qxd6 {#r} 1-0

[Event "Tournament (Elo) (b)"]
[Site "masterchessopen.com Budapest (Hungary)"]
[Date "2011.07.10"]
[Round "8"]
[White "Alfier Cecilia (ITA)"]
[Black "Fabian Laszlo (GER)"]
[Result "0-1"]
[WhiteElo "1626"]
[BlackElo "1703"]

1.e4 e5 2.Nf3 Nc6 3.Bb5 Nf6 4.O-O Be7 5.Re1 a6 6.Ba4 b5 7.Bb3 O-O 8.c3 d6 9.h3
Na5 10.Bc2 c5 11.d4 cxd4 12.cxd4 Qc7 13.b3 Nc6 14.Bb2 Bb7 15.d5 Nb4 16.Na3 Qb6
17.Rc1 Nxc2 18.Nxc2 Rfc8 19.Qd3 Nh5 20.Ne3 Nf4 21.Qd2 Ng6 22.Nf5 Qd8 23.Bc3 a5
24.Nxe7+ Nxe7 25.Qg5 f6 26.Qg4 Ng6 27.h4 Nf4 28.h5 Nd3 29.h6 g6 {#R} 0-1

[Event "It (open)"]
[Site "masterchessopen.com Paleochora (Greece)"]
[Date "2011.07.24"]
[Round "6"]
[White "Karaoulanis Dimitrios (GRE)"]
[Black "Aggelis Nikolaos (GRE)"]
[Result "0-1"]
[WhiteElo "1989"]
[BlackElo "2321"]

1.e4 e5 2.Nf3 Nc6 3.Bb5 a6 4.Ba4 Nf6 5.O-O b5 6.Bb3 Be7 7.Re1 O-O 8.c3 d6 9.h3
Na5 10.Bc2 d5 11.d4 dxe4 12.Nxe5 c5 13.Bg5 Bb7 14.dxc5 Qc7 15.Bxf6 Rad8 16.Qc1
Bxf6 17.Ng4 Bh4 18.g3 Bxg3 19.Qg5 Bf4 20.Qh4 f5 21.Ne3 Rf6 22.Qh5 Rg6+ 23.Kf1
Rh6 24.Qxf5 Rf8 25.Nd5 Rxf5 26.Nxc7 Bxc7 {#R} 0-1

[Event "Tournament (open)"]
[Site "masterchessopen.com Barrinha (Brazil)"]
[Date "2011.10.14"]
[Round "1"]
[White "Brito Luizmar J (BRA)"]
[Black "Dos Santos Agildo Silva"]
[Result "1-0"]
[WhiteElo "2278"]
[BlackElo "1610"]

1.e4 e5 2.Nf3 Nc6 3.Bb5 a6 4.Ba4 Nf6 5.O-O b5 6.Bb3 Be7 7.Re1 d6 8.c3 O-O 9.h3
Na5 10.Bc2 c5 11.d4 Nc6 12.d5 Na7 13.Nbd2 Bd7 14.Nf1 Qc8 15.Ne3 g6 16.g4 h5
17.Nh2 Nh7 18.Qf3 Bh4 19.Qg2 Ng5 20.Rf1 Kh8 21.b3 b4 22.c4 Rg8 23.f4 exf4
24.Bb2+ Kh7 25.Rxf4 Be8 26.Raf1 Qc7 27.Kh1 Bd7 28.Rxf7+ Nxf7 29.Rxf7+ Kh6
30.Nf3 Qd8 31.g5+ Bxg5 32.Nxg5 Bg4 33.h4 {#r} 1-0

[Event "Ch England (team) 2011/12 (3 div)"]
[Site "masterchessopen.com England"]
[Date "2011.11.13"]
[Round "2"]
[White "Jackson James P (ENG)"]
[Black "Stimpson Philip (ENG)"]
[Result "0-1"]
[WhiteElo "2129"]
[BlackElo "2100"]

1.e4 e5 2.Nf3 Nc6 3.Bb5 a6 4.Ba4 Nf6 5.O-O b5 6.Bb3 Be7 7.Re1 d6 8.c3 O-O 9.h3
Na5 10.Bc2 d5 11.d4 dxe4 12.Nxe5 Bb7 13.Bg5 c5 14.dxc5 Qc7 15.Bxf6 Rad8 16.Qe2
Bxf6 17.Ng4 Bg5 18.a4 f5 19.Nh2 Bd5 20.Na3 Nc4 21.b4 Nxa3 22.Rxa3 Bc4 23.Bb3
Bxb3 24.Rxb3 Rd2 25.Qh5 Qf4 26.Rf1 Bh4 27.Ng4 g5 28.axb5 fxg4 29.Qxg4 Bxf2+
30.Kh1 Qxg4 31.hxg4 e3 32.b6 e2 33.Rbb1 exf1=Q+ 34.Rxf1 Bxc5 {#R} 0-1

[Event "It (open) \"]
[Site "masterchessopen.com Valpovo (Croatia)"]
[Date "2011.12.03"]
[Round "4"]
[White "Ivekovic Tihana (CRO)"]
[Black "Mahmutbegovic Nadina (BIH)"]
[Result "0-1"]
[WhiteElo "2045"]
[BlackElo "1664"]

1.e4 e5 2.Nf3 Nc6 3.Bb5 a6 4.Ba4 Nf6 5.O-O Be7 6.Re1 b5 7.Bb3 O-O 8.h3 d6 9.c3
Na5 10.Bc2 d5 11.Nxe5 dxe4 12.Bxe4 Nxe4 13.Rxe4 Bb7 14.Re1 Bd6 15.d4 Re8
16.Nd3 Qd7 17.Nd2 Rxe1+ 18.Nxe1 Re8 19.Ndf3 b4 20.cxb4 Nc6 21.a3 Ne7 22.Bd2
Ng6 23.Nd3 Qf5 24.Be3 Bxf3 25.gxf3 Qxh3 26.Ne1 Bh2+ 27.Kh1 Rxe3 {#R} 0-1

[Event "Memorial Kopylov (open)"]
[Site "masterchessopen.com Ufa (Russia)"]
[Date "2011.12.20"]
[Round "4"]
[White "Ilkin Albert (RUS)"]
[Black "Gataullin Artur (RUS)"]
[Result "1-0"]
[WhiteElo "2289"]
[BlackElo "2068"]

1.e4 e5 2.Nf3 Nc6 3.Bb5 a6 4.Ba4 Nf6 5.O-O Be7 6.Re1 b5 7.Bb3 O-O 8.h3 d6 9.c3
Na5 10.Bc2 c5 11.d4 cxd4 12.cxd4 Nc6 13.a4 Bb7 14.Na3 Nd7 15.Be3 b4 16.Nc4 a5
17.Rc1 Rc8 18.dxe5 Ncxe5 19.Nfxe5 dxe5 20.Nd6 Bxd6 21.Qxd6 Rc6 22.Qd2 Nf6
23.f3 Qe7 24.Red1 h6 25.Bb3 Rxc1 26.Rxc1 Rd8 27.Qe2 Ra8 28.Qb5 Ne8 29.Qc5 Qf6
30.Rd1 g6 31.Rd7 {#r} 1-0

[Event "Tournament (open)"]
[Site "masterchessopen.com Bogota (Colombia)"]
[Round "4"]
[White "Perez Olarte Cesar Camilo (COL)"]
[Black "Paez Adolfo"]
[Result "1-0"]
[WhiteElo "2236"]
[BlackElo "1770"]

1.e4 e5 2.Nf3 Nc6 3.Bb5 a6 4.Ba4 Nf6 5.O-O Be7 6.Re1 b5 7.Bb3 O-O 8.h3 d6 9.c3
Na5 10.Bc2 c5 11.d4 Nc6 12.d5 Nb8 13.Be3 Nbd7 14.Nbd2 Qc7 15.Nf1 Nb6 16.b3 Bd7
17.g4 Rfd8 18.Ng3 Ne8 19.Nf5 Bf8 20.Qd2 Bc8 21.Kh2 Nd7 22.Rg1 Ndf6 23.Qe2 Kh8
24.c4 Rb8 25.Bd3 Bd7 26.g5 Ng8 27.g6 fxg6 28.Ng5 Bxf5 29.exf5 {#r} 1-0

[Event "Ch City (open)"]
[Site "masterchessopen.com Paracin (Serbia)"]
[Date "2012.01.21"]
[Round "2"]
[White "Ivic Matija (SRB)"]
[Black "Antic Nenad (SRB)"]
[Result "1-0"]
[WhiteElo "1665"]
[BlackElo "2066"]

1.e4 e5 2.Nf3 Nc6 3.Bb5 a6 4.Ba4 Nf6 5.O-O Be7 6.Re1 b5 7.Bb3 d6 8.h3 O-O 9.c3
Na5 10.Bc2 d5 11.exd5 e4 12.Ng5 Nxd5 13.Nxe4 f5 14.Ng3 f4 15.Ne4 f3 16.d4 fxg2
17.Qh5 g6 18.Qh6 Rf5 19.Ng3 Bf8 20.Qd2 Rf7 21.Ne4 Nf4 22.f3 Qh4 23.Nf2 Bh6
24.Qd1 Nxh3+ 25.Nxh3 Qxh3 26.Bxh6 Rxf3 27.Re8+ Kf7 28.Rf8+ Ke7 29.Rxf3 Qh1+
30.Kf2 Qxh6 31.Qe2+ {#r} 1-0

[Event "It (open) (w)"]
[Site "masterchessopen.com Moscow (Russia)"]
[Date "2012.01.29"]
[Round "2"]
[White "Bezgodova-Filichkina Svetlana (RUS)"]
[Black "Kovanova Baira (RUS)"]
[Result "0-1"]
[WhiteElo "2100"]
[BlackElo "2383"]

1.e4 e5 2.Nf3 Nc6 3.Bb5 a6 4.Ba4 Nf6 5.O-O Be7 6.Re1 b5 7.Bb3 d6 8.c3 O-O 9.h3
Na5 10.Bc2 c5 11.d3 Re8 12.Nbd2 Nc6 13.Nf1 Qc7 14.Ng3 h6 15.a4 b4 16.d4 cxd4
17.cxd4 exd4 18.Bf4 Be6 19.Nf5 Bxf5 20.exf5 Nd7 21.Rc1 Qb6 22.a5 Nxa5 23.Ba4
Qb7 24.Rxe7 Rxe7 25.Bxd6 Nb6 26.f6 Re6 27.Rc7 Qd5 28.Bxb4 Nxa4 29.Qxa4 Nc6
30.fxg7 Qc4 31.Nxd4 Qxd4 32.Rxc6 Re1+ {#R} 0-1

[Event "Ch Czech Republic (juniors) (under 12)"]
[Site "masterchessopen.com Kouty nad Desnou (Czech Republic)"]
[Date "2012.03.15"]
[Round "7"]
[White "Chlebek Jan"]
[Black "Horvath Tomas"]
[Result "1-0"]
[WhiteElo "1545"]
[BlackElo "1461"]

1.e4 e5 2.Nf3 Nc6 3.Bb5 a6 4.Ba4 Nf6 5.O-O Be7 6.Re1 b5 7.Bb3 O-O 8.c3 d6 9.h3
Na5 10.Bc2 h6 11.d3 Be6 12.b4 Nb7 13.d4 exd4 14.cxd4 c6 15.Be3 a5 16.bxa5 Nxa5
17.Nbd2 Qc7 18.Rc1 Qb7 19.Bb1 Nc4 20.Nxc4 Bxc4 21.Qc2 d5 22.e5 Ne4 23.Nd2 f5
24.exf6 Bxf6 25.Nxe4 dxe4 26.Qxe4 Rfc8 27.Qh7+ Kf7 28.Bxh6 Bxd4 29.Rxc4 {#r}
1-0

[Event "Ch Brazil (w)"]
[Site "masterchessopen.com Sao Jose do Rio Preto (Brazil)"]
[Date "2012.03.24"]
[Round "5"]
[White "Rothebart Ana Vitoria De Paula (BRA)"]
[Black "Ramillo Vitoria Matheus (BRA)"]
[Result "0-1"]
[WhiteElo "2030"]
[BlackElo "1735"]

1.e4 e5 2.Nf3 Nc6 3.Bb5 a6 4.Ba4 Nf6 5.O-O Be7 6.Re1 b5 7.Bb3 O-O 8.c3 d6 9.h3
Na5 10.Bc2 c5 11.d3 Qc7 12.Nbd2 Re8 13.Nf1 h6 14.Ne3 Bf8 15.Nh4 g6 16.Rf1 Bg7
17.Nf3 Bb7 18.Re1 Rad8 19.Qe2 d5 20.Nf1 c4 21.Ng3 Nd7 22.dxc4 dxe4 23.Bxe4
Bxe4 24.Nxe4 Nxc4 25.b3 Nd6 26.Nxd6 Qxd6 27.Bb2 e4 28.Nh2 Nc5 29.Nf1 Nd3
30.Red1 b4 31.cxb4 Bxb2 32.Rxd3 exd3 33.Qxb2 Re2 {#R} 0-1

[Event "Ch Valencia (juniors) (under 18)"]
[Site "masterchessopen.com Valencia (Spain)"]
[Date "2012.04.12"]
[Round "4"]
[White "Montoliu Cervero Francisco (ESP)"]
[Black "Navarrete Espi Samuel (ESP)"]
[Result "1-0"]
[WhiteElo "2209"]
[BlackElo "2129"]

1.e4 e5 2.Nf3 Nc6 3.Bb5 a6 4.Ba4 Nf6 5.O-O Be7 6.Re1 b5 7.Bb3 d6 8.c3 O-O 9.h3
Na5 10.Bc2 c5 11.d4 Nd7 12.a4 Rb8 13.dxe5 dxe5 14.Nbd2 Qc7 15.Nf1 Nc4 16.b3
Nd6 17.Ne3 Bb7 18.Nd5 Bxd5 19.Qxd5 c4 20.b4 bxa4 21.Nxe5 Rb5 22.Qc6 Qxc6
23.Nxc6 Bf6 24.Rd1 Bxc3 25.Rxa4 Nb6 26.Ra3 Nxe4 27.Bxe4 Bxb4 28.Nxb4 Rxb4
29.Rxa6 Re8 30.Be3 g6 31.Bc6 Re6 32.Bxb6 {#r} 1-0

[Event "Memorial V.Nabokov (cat.9)"]
[Site "masterchessopen.com Kiev (Ukraine)"]
[Date "2012.04.22"]
[Round "5"]
[White "Soltanici Ruslan (MDA)"]
[Black "Baryshpolets Andrey (UKR)"]
[Result "0-1"]
[WhiteElo "2397"]
[BlackElo "2486"]

1.e4 e5 2.Nf3 Nc6 3.Bb5 a6 4.Ba4 Nf6 5.O-O Be7 6.Re1 b5 7.Bb3 d6 8.c3 O-O 9.h3
Na5 10.Bc2 d5 11.d4 dxe4 12.Nxe5 c5 13.dxc5 Qc7 14.Ng4 Bxg4 15.hxg4 Bxc5 16.b4
Bxf2+ 17.Kxf2 Qh2 18.Rh1 Nxg4+ 19.Qxg4 Qxh1 20.Be3 Nc4 21.Bd4 Qh6 22.Bxe4 Rad8
23.Qh3 f5 24.Bd3 Qf4+ {#R} 0-1

[Event "It (open) (c)"]
[Site "masterchessopen.com Ostrava (Czech Republic)"]
[Date "2012.05.01"]
[Round "4"]
[White "Rechtenberg Karel"]
[Black "Korinek Jaroslav (CZE)"]
[Result "1-0"]
[WhiteElo "2010"]
[BlackElo "1805"]

1.e4 e5 2.Nf3 Nc6 3.Bb5 a6 4.Ba4 Nf6 5.O-O Be7 6.Re1 b5 7.Bb3 O-O 8.c3 d6 9.h3
Na5 10.Bc2 c5 11.d4 Nc6 12.d5 Nb8 13.Nbd2 h6 14.Nf1 Nbd7 15.Kh2 Nh7 16.g4 Ng5
17.Ng1 Nf6 18.Ng3 g6 19.f4 Nxh3 20.Nxh3 Nxg4+ 21.Kg2 f5 22.exf5 h5 23.fxe5
Nxe5 24.Bh6 Rf7 25.fxg6 Rf3 26.Rxe5 Rxg3+ 27.Kxg3 dxe5 28.Be4 Bh4+ 29.Kg2 Bg4
30.Bf3 Qd7 31.Bxg4 hxg4 32.Ng5 Qf5 33.d6 Bxg5 34.Qd5+ {#r} 1-0

[Event "Ch Austria (juniors) (under 12)"]
[Site "masterchessopen.com Tschagguns (Austria)"]
[Date "2012.05.28"]
[Round "5"]
[White "Kain Peter Maximilian"]
[Black "El Helw Nadim"]
[Result "1-0"]
[WhiteElo "1735"]
[BlackElo "1428"]

1.e4 e5 2.Nf3 Nc6 3.Bb5 a6 4.Ba4 Nf6 5.O-O Be7 6.Re1 b5 7.Bb3 d6 8.c3 O-O 9.h3
Na5 10.Bc2 c5 11.d4 Nc6 12.d5 Nb8 13.a4 bxa4 14.Bxa4 Bd7 15.Nbd2 Bxa4 16.Qxa4
Nbd7 17.Nf1 Nb6 18.Qd1 Qd7 19.Ng3 h6 20.Nf5 Nxe4 21.Nxe7+ Qxe7 22.Rxe4 f5
23.Re1 Qf7 24.Qe2 Nxd5 25.Rxa6 Nf4 26.Bxf4 Rxa6 27.Qxa6 exf4 28.Qxd6 Qf6
29.Qxc5 g5 30.Qe7 Qxe7 31.Rxe7 {#r} 1-0

[Event "It (open)"]
[Site "masterchessopen.com Arucas (Spain)"]
[Date "2012.06.22"]
[Round "5"]
[White "Rodriguez Muela Juan Argelio"]
[Black "Jerez Garcia Jose Juan"]
[Result "0-1"]
[WhiteElo "1573"]
[BlackElo "1666"]

1.e4 e5 2.Nf3 Nc6 3.Bb5 a6 4.Ba4 Nf6 5.O-O b5 6.Bb3 Be7 7.Re1 O-O 8.c3 d6 9.h3
Na5 10.Bc2 Re8 11.d4 exd4 12.cxd4 Nc6 13.Qd3 Nb4 14.Qc3 Nxc2 15.Qxc2 Bb7 16.d5
Rc8 17.Qd3 c5 18.Bf4 Nh5 19.Bh2 Bf6 20.Qc2 Bd4 21.Nxd4 cxd4 22.Qd3 Bxd5
23.Qxd4 Rxe4 24.Qd2 Rxe1+ 25.Qxe1 Qg5 {#R} 0-1

[Event "Ch Croatia (juniors) (under 17)"]
[Site "masterchessopen.com Topusko (Croatia)"]
[Date "2012.07.26"]
[Round "6"]
[White "Turcin Lovro (CRO)"]
[Black "Pavic Filip (CRO)"]
[Result "0-1"]
[WhiteElo "1798"]
[BlackElo "1785"]

1.e4 e5 2.Nf3 Nc6 3.Bb5 a6 4.Ba4 Nf6 5.O-O Be7 6.Re1 b5 7.Bb3 O-O 8.h3 d6 9.c3
Na5 10.Bc2 c5 11.d3 Qc7 12.Nbd2 Re8 13.Nf1 Nc6 14.Ng3 d5 15.Bg5 dxe4 16.dxe4
h6 17.Be3 Be6 18.Qe2 Red8 19.Nf1 Bc4 {#R} 0-1

[Event "It (open)"]
[Site "masterchessopen.com Sabadell (Spain)"]
[Date "2012.09.04"]
[Round "6"]
[White "Gallego Andres (COL)"]
[Black "Dalo Hermes (VEN)"]
[Result "1-0"]
[WhiteElo "2377"]
[BlackElo "2130"]

1.e4 e5 2.Nf3 Nc6 3.Bb5 a6 4.Ba4 Nf6 5.O-O Be7 6.Re1 b5 7.Bb3 d6 8.c3 O-O 9.h3
Na5 10.Bc2 c5 11.d4 Nd7 12.Nbd2 exd4 13.cxd4 Nc6 14.a3 Bf6 15.e5 dxe5 16.Be4
Bb7 17.dxe5 Be7 18.Nf1 Qc7 19.Bf4 Rfd8 20.Qc1 Qb6 21.Ne3 Bf8 22.Nd5 Qa7
23.Bxh7+ Kxh7 24.Ng5+ Kg8 25.e6 Nf6 26.exf7+ Kh8 27.Nxf6 gxf6 28.Qc2 fxg5
29.Qg6 {#r} 1-0

[Event "Olympiad (under 16)"]
[Site "masterchessopen.com Istanbul (Turkey)"]
[Date "2012.09.05"]
[Round "10"]
[White "Bezuidenhout Roland (RSA)"]
[Black "Subramaniam S C (IND)"]
[Result "1-0"]
[WhiteElo "1942"]
[BlackElo "2109"]

1.e4 e5 2.Nf3 Nc6 3.Bb5 a6 4.Ba4 Nf6 5.O-O Be7 6.Re1 b5 7.Bb3 d6 8.c3 O-O 9.h3
Na5 10.Bc2 c5 11.d4 cxd4 12.cxd4 Qc7 13.Nc3 Bb7 14.dxe5 dxe5 15.Nd5 Nxd5
16.exd5 f6 17.Nh4 Qc4 18.Nf5 Bb4 19.Re4 Qc5 20.Be3 Qxd5 21.Qxd5+ Bxd5 22.Rxb4
Nc6 23.Rg4 g6 24.Rd1 Bxa2 25.b3 Rfd8 26.Ra1 Nb4 27.Nh6+ Kg7 28.Rxb4 f5 29.Bg5
{#r} 1-0

[Event "Ch Germany (juniors) (Internet) (under 18) (qual4)"]
[Site "masterchessopen.com Internet"]
[Date "2012.09.12"]
[Round "3"]
[White "Stephan Michael"]
[Black "Kyas Philipp (GER)"]
[Result "0-1"]
[WhiteElo "1724"]
[BlackElo "1883"]

1.e4 e5 2.Nf3 Nc6 3.Bb5 a6 4.Ba4 Nf6 5.O-O b5 6.Bb3 Be7 7.Re1 d6 8.c3 O-O 9.h3
Na5 10.Bc2 c5 11.d4 Nd7 12.Nbd2 exd4 13.cxd4 Nc6 14.d5 Nce5 15.Nxe5 Nxe5 16.f4
Ng6 17.Nf3 Bh4 18.Nxh4 Qxh4 19.Rf1 f5 20.Kh2 fxe4 21.g3 Qxh3+ {#R} 0-1

[Event "Ch Croatia (team) (1st league) (w)"]
[Site "masterchessopen.com Sibenik (Croatia)"]
[Date "2012.09.30"]
[Round "9"]
[White "Bazaj Bockai Snjezana (CRO)"]
[Black "Raguz Ivanka (CRO)"]
[Result "1-0"]
[WhiteElo "2090"]
[BlackElo "1918"]

1.e4 e5 2.Nf3 Nc6 3.Bb5 a6 4.Ba4 Nf6 5.O-O Be7 6.Re1 b5 7.Bb3 d6 8.c3 O-O 9.h3
Na5 10.Bc2 c5 11.d4 Nc6 12.d5 Nb8 13.Nbd2 Re8 14.Nf1 Bf8 15.Ng3 g6 16.Bg5 h6
17.Be3 Kh7 18.Bd2 Nbd7 19.a4 Bb7 20.Qe2 c4 21.Nh2 Ng8 22.Ng4 Bg7 23.Ne3 Nc5
24.axb5 axb5 25.Rxa8 Bxa8 26.Ra1 h5 27.Nxh5 gxh5 28.Qxh5+ Nh6 29.Ng4 Rh8
30.Nxh6 Bxh6 31.Bxh6 Kg8 32.Qg4+ Kh7 33.Qg7# 1-0